000 00346nam a22001577a 4500
003 SGT
020 _a97881881287533
082 _a617.3
_bE07W
100 _aWIESEL, SAM W.
245 _aESSENTIALS OF ORTHOPEDICS SURGERY
250 _a3RD
260 _aINDIA
_bSPRINGER PUB
_c2007
300 _a615
650 _aORTHOPEDICS
942 _2ddc
_cBK
999 _c21983
_d21983